000
00283nam a2200121Ia 4500
008
190216s9999||||xx |||||||||||||| ||und||
100
_a
Vimal
245
0
_a
Hindi-Pramugh Pachathya Rajaneethik Vijarak
260
_b
Rajasthan Hindi
300
_a
329
650
_a
Hindi
942
_c
BK
999
_c
16375
_d
16375